Dynamic Inventory Management in Reverse Logistics

ReverseLogistics is an area that has attracted growingattention over the last years both from the industrial as well as from the scienti?c side. The proper management of reverse ?ows of products and materials is of considerable - portance in many industries because of its in?uence on economic perfor...

Full description

Bibliographic Details
Main Author: Kleber, Rainer (Author)
Corporate Author: SpringerLink (Online service)
Format: Electronic eBook
Language:English
Published: Berlin, Heidelberg : Springer Berlin Heidelberg, 2006.
Series:Lecture Notes in Economics and Mathematical Systems, 574
Subjects:
Online Access:Full Text via HEAL-Link
LEADER 03214nam a22005055i 4500
001 978-3-540-33230-5
003 DE-He213
005 20151204191448.0
007 cr nn 008mamaa
008 100301s2006 gw | s |||| 0|eng d
020 |a 9783540332305  |9 978-3-540-33230-5 
024 7 |a 10.1007/3-540-33230-8  |2 doi 
040 |d GrThAP 
050 4 |a TS155-TS194 
072 7 |a KJMV  |2 bicssc 
072 7 |a BUS087000  |2 bisacsh 
082 0 4 |a 658.5  |2 23 
100 1 |a Kleber, Rainer.  |e author. 
245 1 0 |a Dynamic Inventory Management in Reverse Logistics  |h [electronic resource] /  |c by Rainer Kleber. 
264 1 |a Berlin, Heidelberg :  |b Springer Berlin Heidelberg,  |c 2006. 
300 |a XIV, 182 p. 55 illus.  |b online resource. 
336 |a text  |b txt  |2 rdacontent 
337 |a computer  |b c  |2 rdamedia 
338 |a online resource  |b cr  |2 rdacarrier 
347 |a text file  |b PDF  |2 rda 
490 1 |a Lecture Notes in Economics and Mathematical Systems,  |x 0075-8442 ;  |v 574 
505 0 |a A Basic Quantitative Model for Medium and Long Range Product Recovery Planning -- On the Effects of Capacity Constraints in Product Recovery -- Knowledge Acquisition and Product Recovery -- Technology Selection in the Context of Reverse Logistics -- Conclusions. 
520 |a ReverseLogistics is an area that has attracted growingattention over the last years both from the industrial as well as from the scienti?c side. The proper management of reverse ?ows of products and materials is of considerable - portance in many industries because of its in?uence on economic performance and environmental impact. The respective management tasks, however, are connected with new challenging planning and control problems. This es- cially holds for product recovery management concerning remanufacturing operations where used products, after being returned to the manufacturer, are reprocessed such that they are as good as new and can be re-integrated into the forward logistics stream. Amajorissueinremanufacturingishowtooptimallycoordinatethepot- tial activities directed at meeting customer demands for serviceable products and to deal with returns of products after end-of-use.Therespectivedecisions refer to ?nding a proper mix of manufacturing original and remanufacturing used products as well as of stock-keeping and disposing of returned items. Hereby, relevant cost impacts and time patterns of demand and returns have to be taken into consideration. 
650 0 |a Business. 
650 0 |a Production management. 
650 0 |a Operations research. 
650 0 |a Decision making. 
650 0 |a Engineering economics. 
650 0 |a Engineering economy. 
650 1 4 |a Business and Management. 
650 2 4 |a Operations Management. 
650 2 4 |a Operation Research/Decision Theory. 
650 2 4 |a Engineering Economics, Organization, Logistics, Marketing. 
710 2 |a SpringerLink (Online service) 
773 0 |t Springer eBooks 
776 0 8 |i Printed edition:  |z 9783540332299 
830 0 |a Lecture Notes in Economics and Mathematical Systems,  |x 0075-8442 ;  |v 574 
856 4 0 |u http://dx.doi.org/10.1007/3-540-33230-8  |z Full Text via HEAL-Link 
912 |a ZDB-2-SBE 
950 |a Business and Economics (Springer-11643)